| 000 | 00758nac a22001931u 4500 | ||
|---|---|---|---|
| 020 | _a1590590430 (pbk.) | ||
| 082 |
_a005.133 _bE99 |
||
| 090 |
_c512 _d512 |
||
| 100 | _aEzzio, David. | ||
| 245 |
_aUsing and understanding Java data objects / _cDavid Ezzio. |
||
| 260 |
_aBerkeley, Calif. _bApress, _cc2003. |
||
| 300 |
_axxix, 426 p. : _bill., port. ; _c24 cm. |
||
| 650 | _aJava (Computer program language) | ||
| 650 | _aApplication program interfaces (Computer software) | ||
| 650 | _aObject-oriented programming (Computer science) | ||
| 650 |
_aComputer software _xStandards. |
||
| 942 |
_cBB _k005.133E99 |
||
| 999 |
_c512 _d512 |
||